000 00517nam a22001577a 4500
999 _c61916
_d61916
005 20181122134021.0
008 120203t xxu||||| |||| 00| 0 eng d
020 _a8120328353
_c195.00
035 _aB-181891,B-181888, B-181906
040 _aDPL
_bENG
100 _aBott, Ed
_940723
245 _aEd Bott's your new PC : Seven easy steps to help you get started /
_cby Ed Bott
260 _aNew Delhi
_bPrentice-Hall of India
_c2005
300 _avii, 214p.
_c22 cms.
942 _2ddc
_cEN
_h004.1
_mBOT